Proyecciones del gasto previsional 1992-2038: un modelo de simulación para los bonos de reconocimiento

Uloženo v:
Podrobná bibliografie
Hlavní autor: Arenas de Mesa, Alberto (Autor)
Další autoři: Marcel Cullell, Mario (autor)
Médium: Kniha
Jazyk:španělština
Vydáno: Santiago Ministerio de Hacienda 1993
Edice:Documento de trabajo
Témata:
Tagy: Přidat tag
Žádné tagy, Buďte první, kdo vytvoří štítek k tomuto záznamu!

MARC

LEADER 00000nam a2200000 a 4500
001 UCY2771
003 CL-VaPUC
008 941116e19930000CL |||||||||||||||||spa|d
082 0 4 |a 331.252  |b ARE  |2 21 
100 0 |a Arenas de Mesa, Alberto  |e author  |9 330877 
700 |a Marcel Cullell, Mario  |e autor  |9 330878 
245 1 0 |a Proyecciones del gasto previsional 1992-2038: un modelo de simulación para los bonos de reconocimiento 
300 |a 28 p 
942 |c BK 
945 |d 19941116 00:00:00  |a rbrito 
260 |a Santiago  |b Ministerio de Hacienda  |c 1993 
650 7 |a PENSIONES  |2 CL-VaPUC  |9 323807 
650 0 |a Administradoras de Fondos de Pensiones (AFP)  |9 255319 
651 7 |a CHILE  |2 CL-VaPUC  |9 330879 
583 |a last modification  |c 19941116 00:00:00  |k Rodrigo Vera 
490 0 |a Documento de trabajo 
999 |c 231094  |d 231092